• 首页
  • 本馆介绍
  • 公告通知
  • 最新文献
  • 馆藏检索
  • 电子资源
  • 读者导购
  • 参考咨询
  • 我的图书馆
  • 登录
  • 详细信息显示
  • 放入我的书架
  • 预约/预借图书
  • 作者相关作品
  • 分类相关作品
  • 丛书相关作品
  • 出版社相关作品

书目信息

  • 表格格式
  • 工作单格式
  • 卡片格式
题名:
中国家族企业社会责任报告
    
 
作者: ;中国民(私)营经济研究会家族企业委员会 著
分册:  
出版信息: 北京   中信出版社  2013.11
页数: 14,537页
开本: 23cm
丛书名:
单 册:
中图分类: F279.245
科图分类:
主题词: 家族--私营企业--社会责任--研究报告--中国--2013 , 家族 , 私营企业 , 社会责任
电子资源:
ISBN: 978-7-5086-4283-3
000 01396nam0 22002891 450
001 524
005 20140909093058.82
010    @a978-7-5086-4283-3@dCNY78.00
100    @a20131125d2013 em y0chiy0110 ea
101 0  @achi@eeng
102    @aCN@b110000
105    @aak z 000yy
106    @ar
200 1  @a中国家族企业社会责任报告@AZhong Guo Jia Zu Qi Ye She Hui Ze Ren Bao Gao@dChinese family business report on corporate social responsibility:2013@f中国民(私)营经济研究会家族企业委员会著@FZhong Guo Min ( Si ) Ying Jing Ji Yan Jiu Hui Jia Zu Qi Ye Wei Yuan Hui Zhu@zeng
210    @a北京@c中信出版社@d2013.11
215    @a14,537页@c图@d23cm
330    @a本报告分为上下两篇,上篇为调研与报告,包括有中国大陆、香港特区、澳门特区和台湾地区的家族企业社责任报告。下篇为实例与点评,是18家具有代表性的家族企业社会责任和报告和社会责任行动综述,以及10多位专家的精彩点评。
333    @a家族企业、非家族私营企业以及其他企业管理人员中小企业协会等
510 1  @aChinese family business report on corporate social responsibility@e2013@zeng
606 0  @a家族@x私营企业@x社会责任@x研究报告@y中国@z2013
606 0  @a家族
606 0  @a私营企业
606 0  @a社会责任
690    @aF279.245@v5
711 02 @a中国民(私)营经济研究会家族企业委员会@AZhong Guo Min (Si )Ying Jing Ji Yan Jiu Hui Jia Zu Qi Ye Wei Yuan Hui@4著
801  0 @aCN@bTANGWEI@c20140603
905    @b0836403-05@dF279.245@e1151@f3
    
    中国家族企业社会责任报告=Chinese family business report on corporate social responsibility:2013/中国民(私)营经济研究会家族企业委员会著.-北京:中信出版社,2013.11
    14,537页:图;23cm
    使用对象:家族企业、非家族私营企业以及其他企业管理人员中小企业协会等
    
    ISBN 978-7-5086-4283-3:CNY78.00
    本报告分为上下两篇,上篇为调研与报告,包括有中国大陆、香港特区、澳门特区和台湾地区的家族企业社责任报告。下篇为实例与点评,是18家具有代表性的家族企业社会责任和报告和社会责任行动综述,以及10多位专家的精彩点评。
●
相关链接 在E读中查询图书 在五车中查询图书 在当当中查询图书 在豆瓣中查询图书


正题名:中国家族企业社会责任报告     索取号:F279.245/1151         预约/预借

序号 登录号 条形码 馆藏地/架位号 状态 备注
1 0836403   208364036   第一样本阅览室/ [索取号:F279.245/1151] 在馆    
2 0836404   208364045   密集书库-海洋学院/ [索取号:F279.245/1151] 在馆    
3 0836405   208364054   第一借阅区/ [索取号:F279.245/1151] 在馆    
唐山师范学院图书馆 欢迎您!
大连网信软件有限公司© 版权所有